000 00636cam a22002293a 4500
001 32146
003 PGUSA
005 20140828083709.0
008 100426s2010||||xxu|||||s|||||000 p eng d
040 _aPGUSA
_beng
042 _adc
050 4 _aPS
100 1 _aWillis, Nathaniel Parker,
_d1806-1867
245 1 0 _aFugitive Poetry
_h[electronic resource] /
_cNathaniel Parker Willis
260 _bProject Gutenberg,
_c2010
506 _aPublic domain in the USA.
516 _aElectronic text
653 _aAmerican poetry
830 0 _aProject Gutenberg
_v32146
856 4 0 _uhttp://www.gutenberg.org/ebooks/32146
942 _cEB
999 _c261401
_d261401